000 00738nam a22001937a 4500
999 _c371559
_d371559
008 201127b ||||| |||| 00| 0 eng d
040 _aDE-2950
_bger
_cDE-2950
_erda
041 _ager
245 _aKonzerte nur für Reiche?.
_bBSOF: Bevor die Stadtverordneten für gleichbleibende Preise beim Staatsorchester stimmten, gab es lange Diskussionen im Ausschuss/
264 _c2022
653 _aFrankfurt (Oder)
653 _aBrandenburgisches Staatsorchester
653 _aEintrittspreise
773 _dFrankfurt (Oder) Märkisches Verlags- und Druckhaus GmbH & Co KG
_tMärkische Oderzeitung
_g33. Jahrgang (2022) Nr. 74 vom 29.03.2022, S. 15
942 _cA